| 000 | 00421nam a2200169 a 4500 | ||
|---|---|---|---|
| 005 | 20140310183202.0 | ||
| 008 | 021220s19uu xx 00 eng d | ||
| 020 | _a0373980086 | ||
| 050 |
_aPZ 7 _b.G112 1987 |
||
| 100 | _aGabhart, Ann | ||
| 245 |
_aThe Gifting / _cAnn Gabhart. |
||
| 260 |
_aNew York ; _bCrosswinds, _c1987. |
||
| 300 |
_a155 p. : _c17 cm. |
||
| 650 | _aFiction | ||
| 942 |
_cBK _2lcc |
||
| 999 |
_c19890 _d19890 |
||